000 00700nam a2200217 i 4500
001 78150
003 ES-MaACL
005 20250902221750.0
007 t|
008 041011s1976 sp ||||1| spa d
100 1 _aHart, Franz.
_961960
245 1 3 _aEl atlas de la construcción metálica
_b: casas de pisos /
_cF. Hart, W. Henn, H. Sontag ; [versión de Antonio Munné].
260 _aBarcelona :
_bGustavo Gili,
_c1976.
300 _a371 p. :
_bil. ;
_c30 cm.
650 7 _aEstructuras metálicas
_2embne
_9156036
700 1 _aHenn, Walter.
_962547
700 1 _aSontag, H.
_9107308
700 1 _aMunné, Antonio.
_9138114
852 _aES-MaACL
_jA-6033
_bR.95199
999 _c78150
_d78150